Impact of drastic reduction in the use of agricultural chemicals on food and fiber production and cost to the consumer.

Bibliographic Details
Corporate Author: Texas A & M University
Format: Book
Language:English
Published: [College Station] : Texas A & M University, [1970]
Series:Special report / Texas A&M University
Subjects:

MARC

Tag First Indicator Second Indicator Subfields
LEADER 00000cam a2200000 i 4500
001 in00000028159
005 20151007060012.0
008 781116s1970 txu b s00010 eng d
035 |a (OCoLC)04377750 
035 |9 AAB9851AM 
040 |a IKM  |c IKM  |d m/c  |d TXA  |d UtOrBLW 
049 |a TXAM  |c 1 [A11650776], 2 [A11651104] 
050 4 |a HD9483  |b .T49 1970 
110 2 |a Texas A & M University. 
245 1 0 |a Impact of drastic reduction in the use of agricultural chemicals on food and fiber production and cost to the consumer. 
264 1 |a [College Station] :  |b Texas A & M University,  |c [1970] 
300 |a ii, 62 leaves ;  |c 28 cm. 
336 |a text  |b txt  |2 rdacontent 
337 |a unmediated  |b n  |2 rdamedia 
338 |a volume  |b nc  |2 rdacarrier 
490 0 |a Special report / Texas A&M University 
500 |a "July, 1970." 
504 |a Bibliography: leaves 59-60. 
650 0 |a Fertilizers  |x Economic aspects  |z United States. 
650 0 |a Pesticides  |x Economic aspects. 
999 |a MARS 
999 f f |s f35a141f-1d55-386e-89ba-15e6c8d856bb  |i 0cd563fb-d5c4-3ba8-ae23-1a2fcc94bfcb  |t 0 
952 f f |p ric  |a Texas A&M University  |b Rellis Campus  |c Joint Library Facility  |d Remote Storage  |t 0  |e HD9483 .T49 1970  |h Library of Congress classification  |i unmediated -- volume  |m A14811650776 
952 f f |p noncirc  |a Texas A&M University  |b College Station  |c Cushing Memorial Library & Archives  |d Cushing: Texas A&M (Does not check out)  |t 0  |e HD9483 .T49 1970  |h Library of Congress classification  |i unmediated -- volume 
998 f f |a HD9483 .T49 1970  |t 0  |l Cushing: Texas A&M (Does not check out) 
998 f f |a HD9483 .T49 1970  |t 0  |l Remote Storage